Buteur Coupe du Monde 2018 - Statistiques

Statistiques générales
  • Ce quiz a été pris 122 fois
  • Le résultat moyen est 41 sur 108
Statistiques - réponses
Sélection Nombre de buts Réponse % Correct
France 4 Mbappe
100%
Angleterre 6 Kane
99%
France 4 Griezmann
98%
Portugal 4 Ronaldo
98%
Belgique 4 Lukaku
96%
Belgique 3 Hazard
92%
Croatie 2 Modric
91%
Brésil 2 Neymar
88%
Uruguay 3 Cavani
85%
Argentine 1 Messi
85%
Uruguay 2 Suarez
84%
Croatie 3 Mandzukic
81%
France 1 Pogba
80%
Corée du Sud 2 Son
80%
Croatie 3 Perisic
79%
Egypte 2 Salah
78%
France 1 Pavard
76%
France 1 Varane
76%
France 1 Umtiti
74%
Belgique 1 De Bruyne
73%
Argentine 2 Aguero
65%
Argentine 1 Di Maria
64%
Danemark 1 Eriksen
63%
Colombie 1 Falcao
62%
Allemagne 1 Kroos
59%
Russie 1 Golovin
56%
Brésil 1 Thiago Silva
56%
Tunisie 2 Khazri
53%
Sénégal 1 Mane
49%
Espagne 3 Costa
46%
Brésil 2 Coutinho
46%
Croatie 1 Rakitic
45%
Belgique 1 Chadli
44%
Russie 4 Cheryshev
44%
Belgique 1 Meunier
44%
Colombie 1 Cuadrado
43%
Belgique 1 Mertens
42%
Nigéria 2 Musa
42%
Belgique 1 Vertonghen
42%
Belgique 1 Fellaini
41%
Espagne 1 Nacho
41%
Suisse 1 Shaqiri
40%
Russie 3 Dzyuba
39%
Colombie 3 Mina
39%
Croatie 1 Rebic
39%
Croatie 1 Vida
39%
Suède 1 Forsberg
38%
Croatie 1 Kramaric
37%
Belgique 1 Batshuayi
36%
Brésil 1 Firmino
36%
Mexique 1 Hernandez
36%
Suisse 1 Xhaka
36%
Argentine 1 Mercado
35%
Allemagne 1 Reus
34%
Mexique 1 Lozano
33%
Danemark 1 Poulsen
33%
Angleterre 1 Trippier
32%
Angleterre 1 Lingard
31%
Brésil 1 Renato Augusto
29%
Angleterre 2 Stones
29%
Portugal 1 Pepe
28%
Argentine 1 Rojo
28%
Espagne 1 Isco
27%
Serbie 1 Mitrovic
27%
Japon 1 Honda
26%
Japon 2 Inui
26%
Portugal 1 Quaresma
26%
Japon 1 Kagawa
25%
Belgique 1 Januzaj
24%
Islande 1 Sigurdsson
24%
Russie 1 Fernandes
23%
Australie 2 Jedinak
23%
Arabie Saoudite 1 Al Dawsari
21%
Nigeria 1 Moses
21%
Uruguay 1 Gimenez
20%
Espagne 1 Aspas
19%
Coréé du Sud 1 Kim
19%
Brésil 1 Paulinho
18%
Colombie 1 Quintero
17%
Suède 1 Toivonen
17%
Maroc 1 En Nesyri
16%
Serbie 1 Kolarov
16%
Suède 2 Granqvist
14%
Pérou 1 Guerrero
13%
Pérou 1 Carrillo
11%
Sénégal 1 Niang
11%
Maroc 1 Boutaib
10%
Japon 1 Haraguchi
9%
Mexique 1 Vela
9%
Pologne 1 Krychowiak
8%
Croatie 1 Badelj
7%
Suisse 1 Dzemaili
7%
Danemark 1 Jorgensen
7%
Suisse 1 Zuber
7%
Pologne 1 Bednarek
6%
Sénégal 1 Wague
6%
Costa Rica 1 Waston
6%
Tunisie 1 Bronn
5%
Islande 1 Finnbogason
5%
Tunisie 1 Sassi
5%
Panama 1 Baloy
4%
Tunisie 1 Ben Youssef
4%
Japon 1 Osako
4%
Iran 1 Ansarifard
3%
Suède 1 Augustinsson
3%
Arabie Saoudite 1 Al Faraj
2%
Suisse 1 Drmic
2%
Russie 1 Gazinskiy
2%
Aucun quiz correspondant
Distribution des résultats
% des personnes avec chaque résultat
Percentile par nombre de réponses
Votre historique - résultats
Vous n’avez pas pris ce quiz